تزکرہ وزرائے اعظم پاکستان (Record no. 15043)

MARC details
000 -LEADER
fixed length control field 00392nam a2200145Ia 4500
008 - FIXED-LENGTH DATA ELEMENTS--GENERAL INFORMATION
fixed length control field 230312s9999||||xx |||||||||||||| ||und||
020 ## - INTERNATIONAL STANDARD BOOK NUMBER
International Standard Book Number 9789695620922
082 ## - DEWEY DECIMAL CLASSIFICATION NUMBER
Classification number 891.4
Item number KAM-T
100 ## - MAIN ENTRY--PERSONAL NAME
Personal name کامران اعظم سو ہدروی
245 #0 - TITLE STATEMENT
Title تزکرہ وزرائے اعظم پاکستان
260 ## - PUBLICATION, DISTRIBUTION, ETC.
Name of publisher, distributor, etc. Fiction House
Place of publication, distribution, etc. pak
Date of publication, distribution, etc. 2012
300 ## - PHYSICAL DESCRIPTION
Extent 288
650 ## - SUBJECT ADDED ENTRY--TOPICAL TERM
Topical term or geographic name entry element Literature
942 ## - ADDED ENTRY ELEMENTS (KOHA)
Koha item type BOOK
Holdings
Withdrawn status Lost status Source of classification or shelving scheme Damaged status Not for loan Home library Current library Date acquired Total Checkouts Full call number Barcode Date last seen Price effective from Koha item type
    Dewey Decimal Classification     Superior Information Resource Center (SIRC) Superior University- Main Campus Superior Information Resource Center (SIRC) Superior University- Main Campus 03/13/2023   891.4 KAM-T 15186 03/13/2023 03/13/2023 BOOK

Powered by Koha